| 000 | 00746nam a2200205 4500 | ||
|---|---|---|---|
| 003 | AM-YEHGA | ||
| 005 | 20260123115044.0 | ||
| 008 | 251110s1918 ru ||||| |||| 00| 0 rus d | ||
| 040 | _aAM-YEHGA | ||
| 041 | 0 | _arus | |
| 100 | 1 | _aКизеветтер, Александр Александрович. | |
| 245 | 1 | 0 |
_aСергей Андреевич Муромцев : _bПредседатель Первой Государственной думы / _cА. А. Кизеветтер. |
| 250 | _a 2-е изд. | ||
| 260 |
_aМосква : _bЗадруга, _c1918. |
||
| 300 |
_a15 с., _bпорт. |
||
| 600 | _a Муромцев, Сергей Андреевич | ||
| 650 | 1 | 4 | _aИстория России |
| 942 |
_2udc _cBK |
||
| 001 | 2039598 | ||
| 999 |
_c539211 _d539211 |
||